|
|
|
|
| LEADER |
00000nam0a2200000 4500 |
| 001 |
42284 |
| 005 |
20231031015215.0 |
| 010 |
|
|
|a 5272000935
|
| 035 |
|
|
|a (RuTPU)RU\TPU\book\43536
|
| 090 |
|
|
|a 42284
|
| 100 |
|
|
|a 20020828d2002 m y0rusy50 ca
|
| 101 |
1 |
|
|a rus
|c eng
|
| 102 |
|
|
|a RU
|
| 105 |
|
|
|a a j 001zy
|
| 200 |
1 |
|
|a Принципы экономикс
|e пер. с англ.
|f Н. Г. Мэнкью
|
| 205 |
|
|
|a 2-е изд., сокращ.
|
| 210 |
|
|
|a СПб.
|c Питер
|d 2002
|
| 215 |
|
|
|a 496 с.
|c ил.
|
| 225 |
1 |
|
|a Учебники
|
| 320 |
|
|
|a Глоссарий: с. 485-493.
|
| 451 |
|
1 |
|0 (RuTPU)RU\TPU\book\72778
|y 5-94723-406-8
|t Принципы экономикс
|o учебник
|f Н. Г. Мэнкью
|e 2-е изд.
|c СПб.
|n Питер
|d 2004
|p 623 с.
|a Мэнкью, Н. Грегори
|
| 451 |
|
1 |
|0 (RuTPU)RU\TPU\book\23411
|y 5-272-00093-5
|t Принципы экономикс
|o пер. с англ.
|f Н. Г. Мэнкью
|e 2-е изд., сокращ.
|c СПб.
|n Питер
|d 2000
|p 493 с.
|s Учебники
|a Мэнкью, Н. Грегори
|
| 610 |
1 |
|
|a экономика
|
| 610 |
1 |
|
|a экономическая теория
|
| 610 |
1 |
|
|a экономикс
|
| 610 |
1 |
|
|a спрос
|
| 610 |
1 |
|
|a предложение
|
| 610 |
1 |
|
|a рыночная экономика
|
| 610 |
1 |
|
|a благосостояние
|
| 610 |
1 |
|
|a общественный сектор
|
| 610 |
1 |
|
|a рынок труда
|
| 610 |
1 |
|
|a фирмы
|
| 610 |
1 |
|
|a производство
|
| 610 |
1 |
|
|a макроэкономика
|
| 610 |
1 |
|
|a реальная экономика
|
| 610 |
1 |
|
|a финансы
|
| 610 |
1 |
|
|a безработица
|
| 610 |
1 |
|
|a деньги
|
| 610 |
1 |
|
|a цены
|
| 610 |
1 |
|
|a открытая экономика
|
| 610 |
1 |
|
|a совокупный спрос
|
| 610 |
1 |
|
|a экономические колебания
|
| 610 |
1 |
|
|a инфляция
|
| 610 |
1 |
|
|a национальный доход
|
| 610 |
1 |
|
|a стоимость жизни
|
| 610 |
1 |
|
|a учебники
|
| 686 |
|
|
|a У011я73
|v LBC/SL-A
|2 rubbk
|
| 700 |
|
1 |
|a Мэнкью
|b Н. Г.
|g Грегори
|
| 801 |
|
1 |
|a RU
|b 63413507
|c 20020828
|g PSBO
|
| 801 |
|
2 |
|a RU
|b 63413507
|c 20120307
|g PSBO
|
| 942 |
|
|
|c BK
|